| 000 | 00910nam0a22002411 4500 | ||
|---|---|---|---|
| 001 | rc\4752242 | ||
| 005 | 20260407122357.0 | ||
| 021 |
_aRU _bРг5029-62 |
||
| 035 | _a(NLR Aleph) 008993594 | ||
| 090 |
_a9262307 _c9262307 |
||
| 100 | _a20130417d1962 |||y0rusy50 ca | ||
| 101 | 0 | _arus | |
| 102 | _aRU | ||
| 105 | _ay z ||||| | ||
| 200 | 1 |
_aТезисы докладов четырнадцатой студенческой научной конференции _fМ-во с. х. Лит. ССР. Лит. вет. акад. |
|
| 210 |
_aКаунас _cБ. и. _d1962 |
||
| 215 |
_a[2], 63 с. _d21 |
||
| 710 | 0 | 2 |
_aЛитовская ветеринарная академия _cКаунас _bСтуденческая научная конференция. _d14 _f1962 _3RU\NLR\AUTH\8810071408 _9644725 |
| 801 | 0 |
_aRU _bNLR _gpsbo |
|
| 801 | 1 |
_aRU _bELAR _2rusmarc |
|
| 852 |
_aNLR _j62-6/7073 |
||
| 942 | _cBOOK | ||
| 980 | _aNB | ||